Science - Chemistry | 4 | 3 | 0 | 0 | 90 | 30 | 69.14 | 1 | 2 |
Science - Biology | 2 | 5 | 0 | 0 | 80 | 33 | 88.43 | 1 | 2 |
Science - Physics | 0 | 4 | 0 | 0 | 40 | 74 | 88.50 | 0 | 0 |
RMP - Islam | 1 | 1 | 0 | 0 | 25 | 20 | 58.50 | 1 | 1 |
History - World | 0 | 2 | 0 | 0 | 20 | 116 | 118.00 | 0 | 0 |
History - American | 0 | 2 | 0 | 0 | 20 | 107 | 116.00 | 0 | 0 |
Other - Other Academic and General Knowledge | 1 | 0 | 0 | 0 | 15 | 49 | 49.00 | 0 | 0 |
Literature - British | 1 | 0 | 0 | 0 | 15 | 58 | 58.00 | 0 | 0 |
Science - Astronomy | 0 | 1 | 0 | 0 | 10 | 78 | 78.00 | 0 | 0 |
History - European | 0 | 1 | 0 | 0 | 10 | 79 | 79.00 | 0 | 0 |
Science - Computer Science | 0 | 1 | 0 | 0 | 10 | 89 | 89.00 | 0 | 0 |
Science - Earth | 0 | 1 | 0 | 0 | 10 | 89 | 89.00 | 0 | 0 |
Fine Arts - Music | 0 | 1 | 0 | 0 | 10 | 111 | 111.00 | 0 | 0 |
RMP - Hinduism | 0 | 1 | 0 | 0 | 10 | 94 | 94.00 | 0 | 0 |
Fine Arts - Jazz | 0 | 1 | 0 | 0 | 10 | 119 | 119.00 | 0 | 0 |
RMP - World Mythology | 0 | 1 | 0 | 0 | 10 | 107 | 107.00 | 0 | 0 |
Science - Math | 0 | 1 | 0 | 0 | 10 | 125 | 125.00 | 0 | 0 |
Literature - European | 0 | 0 | 0 | 0 | 0 | | 0.00 | 0 | 0 |
Science - Engineering and Miscellaneous | 0 | 0 | 0 | 0 | 0 | | 0.00 | 0 | 0 |